000 00896 a2200229 4500
005 20260401142112.0
008 260401b |||||||| |||| 00| 0 eng d
020 _a9789389191349 (hbk)
037 _cTB
040 _aCRL
_cCRL
041 _2hin
_ahin
084 _aW94 152R0
_qCRL
245 _aराष्ट्रवाद और गोरा
260 _aदिल्ली, भारत:
_bअनन्य प्रकाशन,
_c2020.
300 _a160पृ.
365 _b350.00
_cINR
650 _aराजनीतिक विज्ञान
650 _aराष्ट्रवाद
_9159408
700 _aतिवारी, विनोद
_eसम्पादक
942 _cTB
_2CC
_hW94 152R0
999 _c1466881
_d1466881